Principios generales del arte de la colonización / (Record no. 158558)

MARC details
000 -LEADER
campo de control de longitud fija 00891nam a22002415i 4500
001 - NÚMERO DE CONTROL
campo de control 158558
003 - IDENTIFICADOR DE NÚMERO DE CONTROL
campo de control ES-MaACL
005 - FECHA Y HORA DE LA ÚLTIMA TRANSACCIÓN
campo de control 20250917063055.0
008 - DATOS DE LONGITUD FIJA--INFORMACIÓN GENERAL
campo de control de longitud fija 950111s1875 sp |||| | spa d
040 ## - FUENTE DE CATALOGACIÓN
Centro catalogador/agencia de origen CLM
Lengua de catalogación spa
Centro/agencia modificador CCPB
080 ## - NÚMERO DE LA CLASIFICACIÓN DECIMAL UNIVERSAL
Número de la Clasificación Decimal Universal 325.3
100 1# - ENTRADA PRINCIPAL--NOMBRE DE PERSONA
Nombre de persona Maldonado Macanaz, Joaquín,
Fechas asociadas al nombre 1833-1901
9 (RLIN) 75733
245 10 - MENCIÓN DEL TÍTULO
Título Principios generales del arte de la colonización /
Mención de responsabilidad, etc. por Joaquín Maldonado Macanaz.
250 ## - MENCION DE EDICION
Mención de edición 2ª ed.
260 ## - PUBLICACIÓN, DISTRIBUCIÓN, ETC.
Lugar de publicación, distribución, etc. Madrid :
Nombre del editor, distribuidor, etc. [s.n.],
Fecha de publicación, distribución, etc. 1875 (
Fabricante Imprenta y Fundición de Manuel Tello)
300 ## - DESCRIPCIÓN FÍSICA
Extensión XVIII, 286 p. ;
Dimensiones 22 cm.
500 ## - NOTA GENERAL
Nota general Índice.
530 ## - NOTA DISPONIBLE DE FORMULARIO FÍSICO ADICIONAL
Nota de formato físico adicional disponible Disponible también en sitio web.
650 #7 - PUNTO DE ACCESO ADICIONAL DE MATERIA--TÉRMINO DE MATERIA
Término de materia o nombre geográfico como elemento de entrada Colonización
Fuente del encabezamiento o término
9 (RLIN) 135791
852 ## - LOCALIZACIÓN
Ubicación ES-MaACL
Número de control de estantería E-13102
Nota libre -- Rúst.
856 ## - LOCALIZACIÓN Y ACCESO ELECTRÓNICOS
Identificador Uniforme de Recursos <a href="http://bibliotecadigitalhispanica.bne.es:80/webclient/DeliveryManager?pid=2678858&custom_att_2=simple_viewer">http://bibliotecadigitalhispanica.bne.es:80/webclient/DeliveryManager?pid=2678858&custom_att_2=simple_viewer</a>
Nota pública Ir a la página
Holdings
Estatus retirado Estado de pérdida Estado de daño No para préstamo Colección Biblioteca de origen Biblioteca actual Ubicación en estantería Fecha de adquisición Total de préstamos Signatura topográfica completa Código de barras Visto por última vez Precio de reemplazo Tipo de ítem Koha
        Colección digital Biblioteca del Ateneo de Madrid Biblioteca del Ateneo de Madrid Depósito 2 17/01/2008   E-13102 1165958 23/02/2023 23/02/2023 Libro impreso antiguo